Statystyki dla Liczba rzeczy - wielokrotny wybór #4

Kliknij tutaj aby rozwiązać quiz!

Ogólne statystyki

  • Ten quiz został rozwiązany 201 razy
  • Średni wynik to 6 z 12

Statystyki odpowiedzi

ZagadnienieOdpowiedź% Poprawnych
Ile kolorów jest w tęczy?7
89%
Ile krajów granicznych Polska ma?7
84%
Ile ślubów odwiedził Hugh Grant i Andie MacDowell?4
56%
Ile pasków w amerykańskiej flagi?13
52%
Ile księżyców do Jowisza?67
50%
Ile krajów jest w „krajach nordyckich”?5
49%
Jaki jest najbardziej pechowy numer w Chinach?4
39%
Ile godzin ma góral uwięziony pod skałą (grany przez Jamesa Franco w filmie)?127
32%
Ile krajów śródlądowych jest na świecie?45
31%
Ile razy Elizabeth Taylor była zamężna?8
31%
Jaki był numer odtwarzacza Wayne Gretzky?99
31%
Ile państw jest w Brazylii?26
30%

Rozkład punktacji

Percentyl według liczby udzielonych odpowiedzi

Procent ludzi z każdym wynikiem

Twoja historia wyników

Nie rozwiązałeś tego quizu